[Event "British Chess Championships 2023: PM Tournament U2050"]
[Site "The Venue, De Montfort University, 20 Western Boulevard, Leicester, LE2 7BU"]
[Date "2023.07.24"]
[Round "1"]
[Board "1"]
[White "Livesey, R Nigel"]
[Black "Dunn, Maxim"]
[Result "0-1"]
[WhiteElo "1811"]
[BlackElo "2035"]
[PlyCount "66"]
[EventDate "2023.07.24"]
[EventRounds "6"]
[EventCountry "ENG"]

1. Nf3 c5 2. b3 Nf6 3. Bb2 g6 4. e3 Bg7 5. d4 cxd4 6. exd4 O-O 7. Be2 d5 8. Nbd2
Nc6 9. O-O Bf5 10. Nh4 Be6 11. c3 Rc8 12. Re1 h5 13. Nhf3 Bf5 14. Nh4 Bg4 15. f3
Be6 16. Bd3 Qd7 17. f4 Bg4 18. Be2 e6 19. Bxg4 Nxg4 20. h3 Nf6 21. Nhf3 Bh6 22. g3
Ne7 23. Ne5 Qc7 24. Qe2 h4 25. Ng4 Nxg4 26. hxg4 hxg3 27. g5 Bg7 28. Ba3 Rfe8 29.
Bxe7 Rxe7 30. Qf3 Qxc3 31. Rac1 Qxd4+ 32. Kf1 Rxc1 33. Rxc1 Qxd2  0-1

[Event "British Chess Championships 2023: PM Tournament U2050"]
[Site "The Venue, De Montfort University, 20 Western Boulevard, Leicester, LE2 7BU"]
[Date "2023.07.24"]
[Round "1"]
[Board "2"]
[White "Hodge, Steve R"]
[Black "Connor, Matthew J"]
[Result "1-0"]
[WhiteElo "2035"]
[BlackElo "1805"]
[PlyCount "85"]
[EventDate "2023.07.24"]
[EventRounds "6"]
[EventCountry "ENG"]

1. e4 d6 2. d4 Nf6 3. Nc3 Nbd7 4. g4 h6 5. h3 c6 6. Nge2 e5 7. Bg2 Be7 8. Be3 Nb6
9. O-O O-O 10. Ng3 Nc4 11. Bc1 Qb6 12. Qe2 exd4 13. Qxc4 dxc3 14. Qxc3 Re8 15. Be3
Qc7 16. Rad1 Be6 17. b3 a5 18. a4 Rad8 19. f4 Nxg4 20. hxg4 Bxg4 21. Rde1 d5 22.
e5 Bb4 23. Qa1 Bxe1 24. Qxe1 Qd7 25. Bb6 Ra8 26. Bxa5 Bh3 27. Bb6 Bxg2 28. Kxg2 Qg4
29. Qd1 Qxd1 30. Rxd1 g6 31. Bd4 Rac8 32. b4 Kh7 33. Rf1 Rcd8 34. Rh1 Rd7 35. a5
Rg8 36. Kf2 Re8 37. f5 Rf8 38. Be3 h5 39. Bg5 Rg8 40. Nxh5 gxh5 41. Rxh5+ Kg7 42.
Bh6+ Kh7 43. Bf8#  1-0

[Event "British Chess Championships 2023: PM Tournament U2050"]
[Site "The Venue, De Montfort University, 20 Western Boulevard, Leicester, LE2 7BU"]
[Date "2023.07.24"]
[Round "1"]
[Board "3"]
[White "Coward, Neil"]
[Black "Gordon, Sean"]
[Result "0-1"]
[WhiteElo "1800"]
[BlackElo "1999"]
[PlyCount "94"]
[EventDate "2023.07.24"]
[EventRounds "6"]
[EventCountry "ENG"]

1. e4 c5 2. d4 cxd4 3. c3 dxc3 4. Nxc3 Nc6 5. Nf3 e6 6. Bc4 Bb4 7. O-O Nge7 8. Bg5
O-O 9. Qe2 Bxc3 10. bxc3 d5 11. exd5 exd5 12. Rfd1 Be6 13. Bh4 Qc8 14. Bb3 Ng6 15.
Bg3 Nce7 16. Rac1 Re8 17. c4 dxc4 18. Bxc4 Bxc4 19. Rxc4 Nc6 20. Qb2 Qe6 21. Rcc1
Qe7 22. h3 Rad8 23. Re1 Qd7 24. Red1 Qxd1+ 25. Rxd1 Rxd1+ 26. Kh2 Rd7 27. Nh4 Nxh4
28. Bxh4 h6 29. Bg3 Red8 30. Bf4 b6 31. Qb3 Nd4 32. Qc4 Ne6 33. Be3 Nd4 34. Bxd4
Rxd4 35. Qc7 R8d7 36. Qc8+ Kh7 37. Qc2+ g6 38. Qc3 Rd2 39. Qc6 R7d6 40. Qc7 Rf6 41.
Qxa7 Rfxf2 42. Qxb6 Rxg2+ 43. Kh1 Rh2+ 44. Kg1 Rdg2+ 45. Kf1 Rxa2 46. Kg1 Rhb2 47.
Qf6 Rb1+  0-1

[Event "British Chess Championships 2023: PM Tournament U2050"]
[Site "The Venue, De Montfort University, 20 Western Boulevard, Leicester, LE2 7BU"]
[Date "2023.07.24"]
[Round "1"]
[Board "4"]
[White "Clarke, Ian J"]
[Black "Colclough, Ryan"]
[Result "1-0"]
[WhiteElo "1981"]
[BlackElo "1795"]
[PlyCount "77"]
[EventDate "2023.07.24"]
[EventRounds "6"]
[EventCountry "ENG"]

1. b3 e5 2. Bb2 Nc6 3. c4 Nf6 4. e3 d5 5. cxd5 Nxd5 6. a3 Bd6 7. Qc2 Be6 8. Nf3 a6
9. d3 O-O 10. Nbd2 Rc8 11. Be2 Qe7 12. O-O Nf6 13. b4 Bd7 14. Rfd1 Rfe8 15. Ng5 Na7
16. Nge4 Nxe4 17. Nxe4 c5 18. Nxd6 Qxd6 19. Qd2 cxb4 20. axb4 Bb5 21. Bg4 Rcd8 22.
d4 Nc6 23. d5 Qxb4 24. Qxb4 Nxb4 25. e4 Nd3 26. Bc3 Nf4 27. Ba5 Rd6 28. g3 b6 29.
Bb4 Rg6 30. Bf5 Ne2+ 31. Kh1 Rh6 32. d6 Rd8 33. d7 Nd4 34. Be7 Rxd7 35. Bxd7 Bxd7
36. Rxa6 Rc6 37. Ra8+ Rc8 38. Rda1 Nc6 39. Bd6  1-0

[Event "British Chess Championships 2023: PM Tournament U2050"]
[Site "The Venue, De Montfort University, 20 Western Boulevard, Leicester, LE2 7BU"]
[Date "2023.07.24"]
[Round "1"]
[Board "5"]
[White "Tomy, Jeff"]
[Black "Jukes, Sam"]
[Result "0-1"]
[WhiteElo "1791"]
[BlackElo "1977"]
[PlyCount "72"]
[EventDate "2023.07.24"]
[EventRounds "6"]
[EventCountry "ENG"]

1. g3 Nf6 2. Bg2 e5 3. c4 Bc5 4. e3 O-O 5. d4 exd4 6. exd4 Re8+ 7. Ne2 Bb4+ 8. Nbc3
Bxc3+ 9. bxc3 d5 10. O-O Bg4 11. f3 Bf5 12. c5 Nc6 13. Bf4 Na5 14. Nc1 Nc4 15. g4
Bg6 16. Kf2 h5 17. h3 Nd7 18. Nd3 Qf6 19. Bxc7 Ne3 20. Qd2 Nxf1 21. Rxf1 Bxd3 22.
Qxd3 Nf8 23. Rb1 Ne6 24. Be5 Nxc5 25. Qb5 Qg6 26. Bf1 hxg4 27. hxg4 Re6 28. Rc1 Qg5
29. Rd1 b6 30. Bxg7 Ne4+ 31. fxe4 Qf4+ 32. Kg1 Qxg4+ 33. Kf2 dxe4 34. Be2 e3+ 35.
Kf1 Qh3+ 36. Ke1 Qg3+  0-1

[Event "British Chess Championships 2023: PM Tournament U2050"]
[Site "The Venue, De Montfort University, 20 Western Boulevard, Leicester, LE2 7BU"]
[Date "2023.07.24"]
[Round "1"]
[Board "6"]
[White "Burton, Nick"]
[Black "Acharya, Kandara"]
[Result "1/2-1/2"]
[WhiteElo "1965"]
[BlackElo "1783"]
[PlyCount "47"]
[EventDate "2023.07.24"]
[EventRounds "6"]
[EventCountry "ENG"]

1. e4 c5 2. Nf3 Nc6 3. d3 g6 4. g3 Bg7 5. Bg2 Nf6 6. O-O O-O 7. Nbd2 d5 8. c3 b6
9. e5 Ne8 10. d4 f6 11. Re1 cxd4 12. cxd4 Nc7 13. exf6 Bxf6 14. Nb3 Bg4 15. h3 Bxf3
16. Bxf3 Qd6 17. Bg2 Ne6 18. Be3 Rad8 19. Rc1 Rc8 20. a3 Ng5 21. Qd3 Qd7 22. h4 Nf7
23. Qb5 e6 24. Qd3  1/2-1/2

[Event "British Chess Championships 2023: PM Tournament U2050"]
[Site "The Venue, De Montfort University, 20 Western Boulevard, Leicester, LE2 7BU"]
[Date "2023.07.24"]
[Round "1"]
[Board "7"]
[White "O'gorman, Brendan"]
[Black "Neale, George"]
[Result "1/2-1/2"]
[WhiteElo "1779"]
[BlackElo "1918"]
[PlyCount "80"]
[EventDate "2023.07.24"]
[EventRounds "6"]
[EventCountry "ENG"]

1. c4 e6 2. Nc3 Nf6 3. e4 e5 4. Nf3 Nc6 5. d4 exd4 6. Nxd4 Bb4 7. Nxc6 Bxc3+ 8. bxc3
dxc6 9. Qxd8+ Kxd8 10. Bg5 h6 11. Bxf6+ gxf6 12. O-O-O+ Ke7 13. Be2 Be6 14. f4 Rhg8
15. f5 Rxg2 16. Bf1 Rxa2 17. fxe6 Ra1+ 18. Kc2 Rxd1 19. Kxd1 fxe6 20. Rg1 Kf7 21.
Be2 Rg8 22. Bh5+ Kf8 23. Rf1 Ke7 24. Rf2 c5 25. Kc2 c6 26. Kb3 Rg5 27. Be2 f5 28.
exf5 Rxf5 29. Rg2 Kf7 30. Bd3 Rf3 31. Be2 Rf4 32. Bh5+ Kf8 33. Rg6 e5 34. Rxh6 Rh4
35. Rf6+ Ke7 36. Rf7+ Ke6 37. Rh7 Kf6 38. Rf7+ Ke6 39. Rh7 Kf6 40. Rf7+ Ke6  1/2-1/2

[Event "British Chess Championships 2023: PM Tournament U2050"]
[Site "The Venue, De Montfort University, 20 Western Boulevard, Leicester, LE2 7BU"]
[Date "2023.07.24"]
[Round "1"]
[Board "8"]
[White "Staniland, Philip"]
[Black "Di-Vetta, Andrew"]
[Result "1/2-1/2"]
[WhiteElo "1782"]
[BlackElo "1776"]
[PlyCount "81"]
[EventDate "2023.07.24"]
[EventRounds "6"]
[EventCountry "ENG"]

1. d4 d5 2. Nc3 Nf6 3. Bf4 c6 4. e3 Bf5 5. f3 h5 6. Bd3 Qd7 7. Nge2 e6 8. Ng3 Bxd3
9. Qxd3 h4 10. Nge2 Na6 11. a3 Nh5 12. e4 Nxf4 13. Nxf4 g5 14. Nfe2 Be7 15. e5 c5
16. Qb5 Qxb5 17. Nxb5 Kd7 18. c3 c4 19. h3 Kc6 20. a4 Nb8 21. Na3 Nd7 22. Nc2 Raf8
23. Ne3 Bd8 24. Kd2 f6 25. exf6 Rxf6 26. Ng4 Rf5 27. Rhe1 Kd6 28. Kc2 a5 29. b3 cxb3+
30. Kxb3 Rff8 31. Nc1 Bf6 32. Nd3 Bg7 33. Ra2 Rf5 34. Rae2 Re8 35. Nde5 Nxe5 36.
Nxe5 Bxe5 37. Rxe5 Rxe5 38. Rxe5 Rg8 39. c4 b6 40. cxd5 exd5 41. Rf5  1/2-1/2

[Event "British Chess Championships 2023: PM Tournament U2050"]
[Site "The Venue, De Montfort University, 20 Western Boulevard, Leicester, LE2 7BU"]
[Date "2023.07.24"]
[Round "1"]
[Board "9"]
[White "O'hanlon, Pat"]
[Black "Gartside, Carl"]
[Result "0-1"]
[WhiteElo "1676"]
[BlackElo "1895"]
[PlyCount "54"]
[EventDate "2023.07.24"]
[EventRounds "6"]
[EventCountry "ENG"]

1. Nf3 Nf6 2. c4 g6 3. d4 Bg7 4. g3 O-O 5. Bg2 d6 6. Nc3 Nbd7 7. O-O e5 8. e4 c6
9. h3 Qa5 10. a3 exd4 11. Nxd4 Ne5 12. Qe2 a6 13. Be3 c5 14. Nf3 Nxf3+ 15. Qxf3 Be6
16. Qe2 Rfe8 17. Rfd1 Rad8 18. Rac1 Qc7 19. Kh2 Bd7 20. Qc2 Bc6 21. b4 b6 22. f3
h6 23. Qf2 Qe7 24. b5 axb5 25. Nxb5 Bxb5 26. cxb5 d5 27. exd5 Qxe3  0-1

[Event "British Chess Championships 2023: PM Tournament U2050"]
[Site "The Venue, De Montfort University, 20 Western Boulevard, Leicester, LE2 7BU"]
[Date "2023.07.24"]
[Round "1"]
[Board "10"]
[White "Vyas, Alisha"]
[Black "Westcott, Dale"]
[Result "1-0"]
[WhiteElo "1878"]
[BlackElo "1676"]
[PlyCount "91"]
[EventDate "2023.07.24"]
[EventRounds "6"]
[EventCountry "ENG"]

1. e4 c5 2. c3 Nf6 3. e5 Nd5 4. d4 cxd4 5. cxd4 d6 6. Nf3 Nc6 7. Bc4 dxe5 8. dxe5
Be6 9. O-O g6 10. Ng5 Bg7 11. Nxe6 fxe6 12. Nd2 Nxe5 13. Bb5+ Nd7 14. Ne4 O-O 15.
Qg4 N7f6 16. Qxe6+ Kh8 17. Ng5 Nc7 18. Qb3 Nxb5 19. Qxb5 Qd5 20. Qe2 e5 21. Rd1 Qa5
22. Bd2 Qb6 23. Be3 Qa5 24. Ne6 Rfe8 25. Nxg7 Kxg7 26. Qf3 e4 27. Qh3 Rad8 28. Bd4
Qf5 29. Qc3 Rf8 30. Qc7+ Kg8 31. Qxb7 Rd7 32. Qb3+ Rdf7 33. h3 h5 34. Rac1 Kh7 35.
Rc5 Qf4 36. Be5 Qf5 37. Bd6 Nd5 38. Rcxd5 Qxf2+ 39. Kh1 Re8 40. Bg3 Qf6 41. Rd7 Ree7
42. Rxe7 Rxe7 43. Re1 Qg5 44. Qe3 Qd5 45. Bh4 Rf7 46. b3  1-0

[Event "British Chess Championships 2023: PM Tournament U2050"]
[Site "The Venue, De Montfort University, 20 Western Boulevard, Leicester, LE2 7BU"]
[Date "2023.07.24"]
[Round "1"]
[Board "11"]
[White "Fernando, Manel"]
[Black "Khan, Mohammed"]
[Result "1/2-1/2"]
[WhiteElo "1627"]
[BlackElo "1873"]
[PlyCount "66"]
[EventDate "2023.07.24"]
[EventRounds "6"]
[EventCountry "ENG"]

1. d4 d5 2. Bf4 Nf6 3. Nf3 c5 4. e3 Bf5 5. c3 Qb6 6. Qb3 c4 7. Qxb6 axb6 8. Nbd2
h6 9. h3 Nc6 10. Be2 b5 11. O-O e6 12. Ne5 Be7 13. a3 O-O 14. g4 Bh7 15. g5 hxg5
16. Bxg5 Rfe8 17. Bf4 Nxe5 18. Bxe5 Nd7 19. Nf3 Nb6 20. Bd1 Na4 21. Bxa4 bxa4 22.
Kh2 Ra6 23. Rg1 f6 24. Bf4 Rb6 25. Ra2 Rc8 26. h4 Bd6 27. Bxd6 Rxd6 28. Nd2 Bd3 29.
f3 f5 30. f4 Rcc6 31. Nf3 Rb6 32. Ne5 Be4 33. h5 Kh7  1/2-1/2

[Event "British Chess Championships 2023: PM Tournament U2050"]
[Site "The Venue, De Montfort University, 20 Western Boulevard, Leicester, LE2 7BU"]
[Date "2023.07.24"]
[Round "1"]
[Board "12"]
[White "Bingham, James T"]
[Black "Mckenna, Joshua"]
[Result "1/2-1/2"]
[WhiteElo "1860"]
[BlackElo "1600"]
[PlyCount "44"]
[EventDate "2023.07.24"]
[EventRounds "6"]
[EventCountry "ENG"]

1. d4 d5 2. Nf3 Nf6 3. g3 c5 4. c4 dxc4 5. Qa4+ Bd7 6. Qxc4 cxd4 7. Nxd4 e5 8. Nf3
Nc6 9. Bg2 Rc8 10. Ng5 Qe7 11. Nc3 h6 12. Nge4 Nd4 13. Qd3 Nxe4 14. Bxe4 Bc6 15.
O-O Qd7 16. Be3 Bc5 17. Rac1 O-O 18. Bxc6 Rxc6 19. Rfd1 Rd6 20. Bxd4 Rxd4 21. Qb5
Rxd1+ 22. Rxd1 Qxb5  1/2-1/2

[Event "British Chess Championships 2023: PM Tournament U2050"]
[Site "The Venue, De Montfort University, 20 Western Boulevard, Leicester, LE2 7BU"]
[Date "2023.07.24"]
[Round "1"]
[Board "13"]
[White "Rao, Shree"]
[Black "Clegg, Robert"]
[Result "1-0"]
[WhiteElo "1599"]
[BlackElo "1860"]
[PlyCount "65"]
[EventDate "2023.07.24"]
[EventRounds "6"]
[EventCountry "ENG"]

1. e4 e6 2. d4 d5 3. Nd2 Nf6 4. e5 Nfd7 5. Ngf3 c5 6. c3 Nc6 7. Bd3 cxd4 8. cxd4
f6 9. exf6 Nxf6 10. O-O Bd6 11. Re1 Qc7 12. a3 O-O 13. h3 Nh5 14. Ng5 g6 15. Nb3
e5 16. dxe5 Nxe5 17. Be2 Nf6 18. Nd4 Re8 19. Nb5 Qb8 20. Nc3 h6 21. Nxd5 Nxd5 22.
Qxd5+ Kg7 23. Ne4 Bc7 24. Qd2 Nf7 25. Bf3 a5 26. b3 Ra6 27. Bb2+ Be5 28. Bxe5+ Nxe5
29. Be2 b5 30. a4 Bf5 31. Bxb5 Rd8 32. Qc3 Ra7 33. f4  1-0

[Event "British Chess Championships 2023: PM Tournament U2050"]
[Site "The Venue, De Montfort University, 20 Western Boulevard, Leicester, LE2 7BU"]
[Date "2023.07.24"]
[Round "1"]
[Board "14"]
[White "Lawrence, Spencer"]
[Black "Hollyman, Mike"]
[Result "1-0"]
[WhiteElo "1849"]
[BlackElo "1555"]
[PlyCount "55"]
[EventDate "2023.07.24"]
[EventRounds "6"]
[EventCountry "ENG"]

1. c4 Nf6 2. g3 e6 3. Bg2 d5 4. cxd5 Nxd5 5. Nf3 Nc6 6. O-O Bd6 7. Nc3 Nb6 8. Nb5
Be7 9. d3 O-O 10. b3 a6 11. Na3 Bf6 12. Rb1 Nd5 13. Bb2 Nc3 14. Bxc3 Bxc3 15. Qc2
Nd4 16. Nxd4 Bxd4 17. e3 Ba7 18. Rfc1 c6 19. Nc4 Qc7 20. d4 Bd7 21. b4 Rab8 22. Ne5
Rfd8 23. Be4 f5 24. Bxf5 exf5 25. Qc4+ Kh8 26. Nf7+ Kg8 27. Nh6+ Kh8 28. Qg8+  1-0

[Event "British Chess Championships 2023: PM Tournament U2050"]
[Site "The Venue, De Montfort University, 20 Western Boulevard, Leicester, LE2 7BU"]
[Date "2023.07.25"]
[Round "2"]
[Board "1"]
[White "Dunn, Maxim"]
[Black "Vyas, Alisha"]
[Result "0-1"]
[WhiteElo "2035"]
[BlackElo "1878"]
[PlyCount "84"]
[EventDate "2023.07.24"]
[EventRounds "6"]
[EventCountry "ENG"]

1. d4 Nf6 2. Nc3 g6 3. e4 d6 4. Bg5 Bg7 5. e5 Ng8 6. f4 c6 7. Nf3 Nh6 8. Qd2 f6 9.
exf6 exf6 10. Bh4 d5 11. O-O-O O-O 12. h3 Nf5 13. Bf2 Nd6 14. Bd3 Bf5 15. Bxf5 Nxf5
16. Rde1 Nd6 17. Re6 Na6 18. g4 Nc7 19. Re2 Nc4 20. Qd3 Qd6 21. f5 Qb4 22. Nd1 Bh6+
23. Kb1 gxf5 24. c3 Qb5 25. Ka1 Nd6 26. Qc2 Rae8 27. Rhe1 Rxe2 28. Rxe2 Re8 29. Rxe8+
Ncxe8 30. Nh2 Bf4 31. Be1 Bxh2 32. Qxh2 Qf1 33. Qg3 Ne4 34. Qh4 Qe2 35. a3 Qxd1+
36. Ka2 fxg4 37. hxg4 N8d6 38. c4 Qxd4 39. cxd5 Qxd5+ 40. Ka1 Qg5 41. Qh1 Qc1+ 42.
Ka2 Nd2  0-1

[Event "British Chess Championships 2023: PM Tournament U2050"]
[Site "The Venue, De Montfort University, 20 Western Boulevard, Leicester, LE2 7BU"]
[Date "2023.07.25"]
[Round "2"]
[Board "2"]
[White "Jukes, Sam"]
[Black "Hodge, Steve R"]
[Result "1-0"]
[WhiteElo "1977"]
[BlackElo "2035"]
[PlyCount "85"]
[EventDate "2023.07.24"]
[EventRounds "6"]
[EventCountry "ENG"]

1. e4 c5 2. Nf3 Nc6 3. d4 cxd4 4. Nxd4 Nf6 5. Nc3 e5 6. Ndb5 d6 7. Bg5 a6 8. Na3
b5 9. Nd5 Be7 10. Bxf6 Bxf6 11. c3 O-O 12. Nc2 Bg5 13. a4 bxa4 14. Rxa4 a5 15. Bc4
Rb8 16. b4 Kh8 17. O-O f5 18. exf5 Bxf5 19. b5 Ne7 20. Nxe7 Bxe7 21. Ne3 Bg6 22.
Qb3 Bh4 23. g3 Bg5 24. Nd5 Be4 25. Be2 Bxd5 26. Qxd5 Qb6 27. Qe4 Bd8 28. Bd3 g6 29.
Rc4 Qa7 30. Rc6 Qe7 31. h4 Bb6 32. Kg2 Qd7 33. Qd5 Rf6 34. Bc4 Qd8 35. f3 Rc8 36.
Re1 Rxc6 37. bxc6 Rf8 38. Rb1 Bc7 39. Rb7 Re8 40. Qf7 Re7 41. Qf6+ Rg7 42. Rxc7 Qxf6
43. Rc8+  1-0

[Event "British Chess Championships 2023: PM Tournament U2050"]
[Site "The Venue, De Montfort University, 20 Western Boulevard, Leicester, LE2 7BU"]
[Date "2023.07.25"]
[Round "2"]
[Board "3"]
[White "Gordon, Sean"]
[Black "Lawrence, Spencer"]
[Result "1-0"]
[WhiteElo "1999"]
[BlackElo "1849"]
[PlyCount "99"]
[EventDate "2023.07.24"]
[EventRounds "6"]
[EventCountry "ENG"]

1. Nf3 d5 2. e3 Bg4 3. c4 Nf6 4. cxd5 Bxf3 5. Qxf3 Qxd5 6. Nc3 Qxf3 7. gxf3 c6 8.
d4 Nbd7 9. Be2 O-O-O 10. f4 e6 11. Bf3 Nd5 12. Bd2 N7b6 13. Ne4 Nc4 14. Bc1 Nb4 15.
Ke2 Na6 16. Rg1 Nd6 17. Nc3 f5 18. Na4 g6 19. Bd2 Be7 20. b4 Nc4 21. a3 Nxd2 22.
Kxd2 Rdg8 23. Rac1 Kb8 24. Nb2 Nc7 25. Nc4 Bf6 26. Ke2 Rd8 27. Rc2 Rhg8 28. Rgc1
Rg7 29. Na5 Rd6 30. Bxc6 bxc6 31. Nxc6+ Ka8 32. Nxa7 Kxa7 33. Rxc7+ Rxc7 34. Rxc7+
Kb8 35. Rc3 Ra6 36. Kd3 Kb7 37. f3 h6 38. h3 g5 39. fxg5 hxg5 40. Kc2 Rc6 41. a4
e5 42. b5 Rxc3+ 43. Kxc3 e4 44. fxe4 fxe4 45. Kc4 Kb6 46. Kd5 Ka5 47. Kxe4 Kxa4 48.
b6 Bd8 49. b7 Bc7 50. Kf5  1-0

[Event "British Chess Championships 2023: PM Tournament U2050"]
[Site "The Venue, De Montfort University, 20 Western Boulevard, Leicester, LE2 7BU"]
[Date "2023.07.25"]
[Round "2"]
[Board "4"]
[White "Gartside, Carl"]
[Black "Clarke, Ian J"]
[Result "0-1"]
[WhiteElo "1895"]
[BlackElo "1981"]
[PlyCount "80"]
[EventDate "2023.07.24"]
[EventRounds "6"]
[EventCountry "ENG"]

1. d4 e6 2. Nf3 f5 3. Bf4 Nf6 4. e3 b6 5. Bd3 Bb7 6. h3 Bd6 7. Nbd2 Bxf4 8. exf4
Nc6 9. Qe2 O-O 10. O-O-O Nd5 11. g3 Qf6 12. c3 a6 13. Rhe1 Na5 14. Ne5 Qe7 15. Kb1
b5 16. Nf1 Nc6 17. Ne3 Nxe3 18. Qxe3 Rad8 19. Bc2 Qf6 20. Nxc6 Bxc6 21. Qe5 Qxe5
22. dxe5 Kf7 23. Rd4 Ke7 24. Bb3 Be4+ 25. Kc1 c5 26. Rd2 c4 27. Bd1 Bc6 28. Rd6 Ra8
29. Kd2 a5 30. a3 Rfb8 31. Ke3 b4 32. cxb4 axb4 33. a4 Bxa4 34. Bf3 Ra7 35. Rc1 Rc7
36. Rd4 Bb3 37. Be2 c3 38. bxc3 Rxc3+ 39. Rxc3 bxc3 40. Kd3 Rc8  0-1

[Event "British Chess Championships 2023: PM Tournament U2050"]
[Site "The Venue, De Montfort University, 20 Western Boulevard, Leicester, LE2 7BU"]
[Date "2023.07.25"]
[Round "2"]
[Board "5"]
[White "Neale, George"]
[Black "Rao, Shree"]
[Result "1/2-1/2"]
[WhiteElo "1918"]
[BlackElo "1599"]
[PlyCount "127"]
[EventDate "2023.07.24"]
[EventRounds "6"]
[EventCountry "ENG"]

1. d4 Nf6 2. Nf3 g6 3. g3 Bg7 4. Bg2 d5 5. O-O O-O 6. c4 c6 7. cxd5 cxd5 8. Nc3 Nc6
9. Re1 h6 10. Bf4 Bf5 11. Ne5 Ne4 12. Nxe4 Nxe5 13. Nc5 Nc6 14. Be3 b6 15. Nb3 e6
16. a3 g5 17. Rc1 Rc8 18. Qd2 Qd7 19. f3 Bg6 20. Bf2 Rfd8 21. f4 Qe7 22. fxg5 hxg5
23. Be3 f6 24. Rf1 Rf8 25. Rf2 Qd7 26. h4 gxh4 27. gxh4 Bh5 28. Bf3 Qf7 29. Rg2 Kh7
30. Kf2 Ne7 31. Rcg1 Rg8 32. Nc1 Nf5 33. Bg4 Nxe3 34. Qxe3 Bxg4 35. Rxg4 Bh6 36.
Qd3+ f5 37. Rxg8 Rxg8 38. Rxg8 Qxg8 39. Qc3 Qd8 40. Kg3 Qd6+ 41. Kh3 Qf4 42. Nd3
Qe3+ 43. Kg2 Qxe2+ 44. Kg3 Qg4+ 45. Kf2 Qxh4+ 46. Ke2 Qh2+ 47. Kd1 Qg1+ 48. Kc2 Qh2+
49. Kb3 Bg7 50. Ne5 Bxe5 51. dxe5 Qh6 52. Qc7+ Qg7 53. Qd6 Qf7 54. Qd8 Kg6 55. Qh4
f4 56. Qg4+ Kh7 57. Qh4+ Kg7 58. Qg5+ Qg6 59. Qe7+ Qf7 60. Qg5+ Kf8 61. Qd8+ Qe8
62. Qf6+ Qf7 63. Qd8+ Kg7 64. Qg5+  1/2-1/2

[Event "British Chess Championships 2023: PM Tournament U2050"]
[Site "The Venue, De Montfort University, 20 Western Boulevard, Leicester, LE2 7BU"]
[Date "2023.07.25"]
[Round "2"]
[Board "6"]
[White "Di-Vetta, Andrew"]
[Black "Burton, Nick"]
[Result "1-0"]
[WhiteElo "1776"]
[BlackElo "1965"]
[PlyCount "47"]
[EventDate "2023.07.24"]
[EventRounds "6"]
[EventCountry "ENG"]

1. Nf3 g6 2. e4 Bg7 3. Bc4 d6 4. O-O Nf6 5. d3 O-O 6. Nc3 c6 7. a4 a5 8. Bd2 Na6
9. Ne2 d5 10. exd5 cxd5 11. Bb5 Nc7 12. Ned4 Nxb5 13. Nxb5 Nd7 14. d4 e5 15. dxe5
Nxe5 16. Nxe5 Bxe5 17. Bc3 Re8 18. Bxe5 Rxe5 19. c4 Qh4 20. Nc7 Rh5 21. h3 Bxh3 22.
Qxh5 gxh5 23. gxh3 Qxh3 24. Ra3  1-0

[Event "British Chess Championships 2023: PM Tournament U2050"]
[Site "The Venue, De Montfort University, 20 Western Boulevard, Leicester, LE2 7BU"]
[Date "2023.07.25"]
[Round "2"]
[Board "7"]
[White "Mckenna, Joshua"]
[Black "Staniland, Philip"]
[Result "0-1"]
[WhiteElo "1600"]
[BlackElo "1782"]
[PlyCount "102"]
[EventDate "2023.07.24"]
[EventRounds "6"]
[EventCountry "ENG"]

1. e4 c6 2. d4 d5 3. e5 c5 4. Nf3 Bg4 5. dxc5 e6 6. a3 Bxc5 7. b4 Bxf3 8. Qxf3 Bd4
9. c3 Bxe5 10. Bb5+ Nd7 11. O-O a6 12. Ba4 b5 13. Bb3 Ngf6 14. Re1 O-O 15. Bf4 Bxf4
16. Qxf4 Rc8 17. Ra2 Qc7 18. Qf3 Ne5 19. Qh3 Nc4 20. Rae2 Qf4 21. g3 Qd6 22. Bc2
g6 23. Qh4 Qd8 24. Qd4 Kg7 25. Bd3 Qb6 26. Bxc4 Qxd4 27. cxd4 Rxc4 28. Rd1 Rfc8 29.
Ree1 Ne4 30. Nd2 Nxd2 31. Rxd2 Rc1 32. Kf1 Rxe1+ 33. Kxe1 Rc3 34. Ke2 Rxa3 35. Rb2
Kf6 36. f3 g5 37. h3 h5 38. Rc2 Rb3 39. Ra2 Rxb4 40. Rxa6 Rxd4 41. Rb6 Rb4 42. Rb7
Rb3 43. g4 h4 44. Rb8 Ke5 45. Rb7 f6 46. Rb6 b4 47. Kf2 d4 48. Rb5+ Kf4 49. Rb6 Rb2+
50. Ke1 d3 51. Rxe6 Re2+  0-1

[Event "British Chess Championships 2023: PM Tournament U2050"]
[Site "The Venue, De Montfort University, 20 Western Boulevard, Leicester, LE2 7BU"]
[Date "2023.07.25"]
[Round "2"]
[Board "8"]
[White "Khan, Mohammed"]
[Black "O'gorman, Brendan"]
[Result "1/2-1/2"]
[WhiteElo "1873"]
[BlackElo "1779"]
[PlyCount "44"]
[EventDate "2023.07.24"]
[EventRounds "6"]
[EventCountry "ENG"]

1. e4 c5 2. Ne2 g6 3. Nbc3 Bg7 4. g3 Nc6 5. Bg2 d6 6. d3 e5 7. O-O Nge7 8. f4 O-O
9. h3 f5 10. exf5 Nxf5 11. g4 Nfd4 12. Ng3 exf4 13. Bxf4 Be6 14. Qd2 Qd7 15. Nce4
Ne5 16. Rae1 Kh8 17. Nxc5 Nef3+ 18. Bxf3 Nxf3+ 19. Rxf3 dxc5 20. Qe2 Bd5 21. Rff1
Rae8 22. Qd2 Bxb2  1/2-1/2

[Event "British Chess Championships 2023: PM Tournament U2050"]
[Site "The Venue, De Montfort University, 20 Western Boulevard, Leicester, LE2 7BU"]
[Date "2023.07.25"]
[Round "2"]
[Board "9"]
[White "Acharya, Kandara"]
[Black "Bingham, James T"]
[Result "1/2-1/2"]
[WhiteElo "1783"]
[BlackElo "1860"]
[PlyCount "120"]
[EventDate "2023.07.24"]
[EventRounds "6"]
[EventCountry "ENG"]

1. c4 Nf6 2. g3 e5 3. Bg2 g6 4. Nc3 Bg7 5. Nf3 d6 6. O-O Nc6 7. d4 O-O 8. e4 Bg4
9. d5 Bxf3 10. Bxf3 Nd4 11. Be3 Nxf3+ 12. Qxf3 Qd7 13. Rac1 Ng4 14. Qe2 f5 15. f4
a6 16. Bd2 exf4 17. exf5 gxf5 18. Bxf4 Rae8 19. Qd3 Ne5 20. Bxe5 dxe5 21. Rce1 e4
22. Qe3 Qd6 23. a3 c5 24. Qg5 Qg6 25. Qxg6 hxg6 26. h4 Bd4+ 27. Kg2 Kg7 28. Ne2 Kf6
29. Nf4 Rf7 30. Ne6 Rxe6 31. dxe6 Kxe6 32. Re2 Ke5 33. Rfe1 Rf6 34. g4 Rb6 35. h5
gxh5 36. gxf5 e3 37. Rh1 Rh6 38. b4 Kxf5 39. Rf1+ Ke4 40. bxc5 Bxc5 41. Rf7 b6 42.
a4 a5 43. Rd7 Rg6+ 44. Kf1 Rh6 45. Kg2 h4 46. Kf1 h3 47. Rh2 Bd6 48. Rh1 Kf3 49.
Rf7+ Bf4 50. Ke1 Rh4 51. Rf1+ Kg3 52. Rg1+ Kh2 53. Rg6 Bg3+ 54. Ke2 Rxc4 55. Kxe3
Rb4 56. Rd7 Rb3+ 57. Ke4 Rb2 58. Rdg7 Be1 59. Kf3 Rb3+ 60. Ke2 Bc3  1/2-1/2